000 00401nam a22001457a 4500
020 _a0 273017063
082 _a001.6404INT
100 _aDagless.E,L.
245 _aIntroduction to Microcomputers
260 _aLondon
_bPitman Publishing Company
_c1982
300 _axi,233p.:ill:,23cm
500 _aIncludes bibliographic details and index
650 _aIntroduction to Microcomputers
942 _cBK
999 _c18044
_d18044